Szczegóły MARC21

Dzielne maluchy : poradnik dla prowadzących zajęcia ruchowe w przedszkolu z dziećmi 6-letnimi /

003 -Nazwa inst., której nr kontr. jest w polu 001 [,]
    • @
    • Nazwa instytucji, której n kontrolny jest w polu 001
    • NUKAT
005 -DATA I CZAS OSTATNIEJ MODYFIKACJI [,]
    • @
    • pole kontrolne
    • 20241231102015.0
020 -Międzynarod. znormalizowany nr książki - ISBN [ , ]
    • a
    • Numer ISBN
    • 8386630345 Find
040 -Instytucja sporządzająca opis [ , ]
    • a
    • Instytucja, która sporządziła opis (NP)
    • Ł U/BM
    • c
    • Instytucja, która sporządziła rekord (NP)
    • Ł U/BM
    • d
    • Instytucja, która zmodyfikowała rekord (P)
    • Ł U/GS
    • d
    • Instytucja, która zmodyfikowała rekord (P)
    • Ł U/TKs
942 -Rodzaj dokumentu [ , ]
    • c
    • Rodzaj dokumentu
    • Książka
100 -Hasło główne - nazwa osobowa [1, ]
    • a
    • Nazwa osobowa (NP)
    • Makris, Maria.
    • 9
    • KHW
    • 25058
245 -Strefa tytułu i oznaczenia odpowiedzialności [1,0]
    • a
    • Tytuł
    • Dzielne maluchy : Find
    • b
    • Ciąg dalszy tytułu (NP)
    • poradnik dla prowadzących zajęcia ruchowe w przedszkolu z dziećmi 6-letnimi / Find
    • c
    • Pozostałe elementy strefy tytułu i oznaczenia odpowiedzialności (NP)
    • Maria Makris i Regina Gąsiorowska-Rzepka.
260 -Strefa adresu wydawniczego [ , ]
    • a
    • Miejsce wydania (P)
    • Warszawa :
    • b
    • Nazwa wydawcy (P)
    • Zarząd Główny Szkolnego Związku Sportowego,
    • c
    • Data wydania (P)
    • [1998].
300 -Strefa opisu fizycznego [ , ]
    • a
    • Określenie formy książki i/lub objętość (NP)
    • 56 s. :
    • b
    • Oznaczenie ilustracji (NP)
    • il. ;
    • c
    • Format (NP)
    • 24 cm.
336 -Typ zawartości [ , ]
    • a
    • Termin opisujący typ zawartości
    • Tekst
    • b
    • Kod określający zawartość
    • txt
    • 2
    • Źródło (terminu i kodu)
    • rdacontent
337 -Typ mediów [ , ]
    • a
    • Tryb odtwarzania
    • Bez urządzenia pośredniczącego
    • b
    • Kod typu mediów
    • n
    • 2
    • Źródło (terminu i kodu)
    • rdamedia
338 -Typ/rodzaj nośnika [ , ]
    • a
    • Hasło opisujące typ nośnika
    • Wolumin
    • b
    • Kod typu nośnika
    • nc
    • 2
    • Źródło (terminu i kodu)
    • rdacarrier
504 -Uwaga dot. bibliogr. załącznikowej [ , ]
    • a
    • Uwaga dot. bibliografii załącznikowej
    • Bibliogr. na 3 s. okł.
510 -Uwaga dot. cytaty bibliograficznej [3, ]
    • a
    • Nazwa źródła
    • R. wyd. wg web.opac.BN.
536 -Uwaga dot. finansowania książki [ , ]
    • a
    • Tekst uwagi
    • Książka sponsorowana przez Ministerstwo Edukacji Narodowej
080 -Uniwersalna Klasyfikacja Dziesiętna [ , ]
    • 2
    • Identyfikator wydania tablic
    • UDC-P058
    • 9
    • UKD
    • 9285
    • a
    • Symbol klasyfikacji
    • 37.016:613
    • b
    • Dopowiedzenie
    • Nauczanie edukacji zdrowotnej.
080 -Uniwersalna Klasyfikacja Dziesiętna [ , ]
    • 2
    • Identyfikator wydania tablic
    • UDC-P058
    • 9
    • UKD
    • 3891
    • a
    • Symbol klasyfikacji
    • 373.2
    • b
    • Dopowiedzenie
    • Wychowanie przedszkolne. Nauczanie przedszkolne.
650 -Hasło przedmiotowe [ ,7]
    • a
    • Hasło przedmiotowe
    • Gry.
    • 2
    • Źródło terminu
    • kaba
    • 9
    • KHW
    • 110659
650 -Hasło przedmiotowe [ ,7]
    • a
    • Hasło przedmiotowe
    • Motoryka u dzieci.
    • 2
    • Źródło terminu
    • kaba
    • 9
    • KHW
    • 119981
650 -Hasło przedmiotowe [ ,7]
    • a
    • Hasło przedmiotowe
    • Wychowanie przedszkolne.
    • 2
    • Źródło terminu
    • kaba
    • 9
    • KHW
    • 136563
980 -Symbol UKD [ , ]
    • a
    • UKD
    • 37.016:613:373.2
700 -Hasło dodatkowe - nazwa osobowa [1, ]
    • a
    • Nazwa osobowa (NP)
    • Gąsiorowska-Rzepka, Regina. Find
    • 9
    • KHW
    • 680987
920 -ISBN [ , ]
    • a
    • ISBN
    • 83-86630-34-5 Find
Data inwentaryzacji Status udost. Lokalizacja Numer inwentarzowy
1999-02-121BGPd.12098
1999-02-121BMWF.6155
1999-02-12-3BMWF.6154